Phytochemical and Biological investigation of the plants moringa oleifera lam. and duranta repens linn. / (Record no. 80858)
[ view plain ]
| 000 -LEADER | |
|---|---|
| fixed length control field | 01069nam a22002537a 4500 |
| 001 - CONTROL NUMBER | |
| RUCL Control Number | 80858 |
| 003 - CONTROL NUMBER IDENTIFIER | |
| rucl marc code | BD-RjUL |
| 005 - DATE AND TIME OF LATEST TRANSACTION | |
| control field | 20230616185139.0 |
| 008 - FIXED-LENGTH DATA ELEMENTS--GENERAL INFORMATION | |
| fixed length control field | 221128s2005 bg a|||| m||| 00| 0 eng d |
| 035 ## - SYSTEM CONTROL NUMBER | |
| system control number | (BD-RjUL)80858 |
| 040 ## - CATALOGING SOURCE | |
| Original cataloging agency | BD-RjUL |
| Language of cataloging | eng |
| Transcribing agency | BD-RjUL |
| Modifying agency | BD-RjUL |
| 041 ## - LANGUAGE CODE | |
| Language code of Book | eng |
| 082 ## - DEWEY DECIMAL CLASSIFICATION NUMBER | |
| DDC Edition number | 23 |
| Classification number | 570.72 |
| Author mark and Year | NIP 2005 |
| 100 ## - MAIN ENTRY--PERSONAL NAME | |
| Personal name | Nikkon, Farjana |
| 9 (RLIN) | 6062 |
| 245 10 - TITLE STATEMENT | |
| Title | Phytochemical and Biological investigation of the plants moringa oleifera lam. and duranta repens linn. / |
| Statement of responsibility, etc | Farjana Nikkon ; |
| Name of Supervisor/Co-Supervisor | Principal Supervisor : M. Ekramul Haque, Co-Supervisor : M. Habibur Rahman |
| 260 ## - PUBLICATION, DISTRIBUTION, ETC. (IMPRINT) | |
| Place of publication, distribution, etc | Rajshahi : |
| Name of publisher, distributor, etc | Department of Biochemistry and Molecular Biology, University of Rajshahi, |
| Date of publication, distribution, etc | 2005 |
| 300 ## - PHYSICAL DESCRIPTION | |
| Pagination | ix, 158 leaves : |
| Other physical details | ill, ; |
| Dimensions | 29.cm. |
| 502 ## - DISSERTATION NOTE | |
| Dissertation note | Thesis (Ph. D.) -- Department of Biochemistry and Molecular Biology, University of Rajshahi, 2005 |
| 504 ## - BIBLIOGRAPHY, ETC. NOTE | |
| Bibliography, etc | References : Leaves 154 - 156 |
| 650 ## - SUBJECT ADDED ENTRY--TOPICAL TERM | |
| Topical term or geographic name as entry element | Research |
| Form subdivision | Biology |
| 9 (RLIN) | 6063 |
| 700 ## - ADDED ENTRY--SUPERVISOR/CO-SUPERVISOR NAME | |
| Personal name | Haque, M. Ekramul, Princi-pal Supervisor |
| 9 (RLIN) | 6064 |
| Personal name | Rahman, M. Habibur, Co-Supervisor |
| 9 (RLIN) | 3125 |
| 942 ## - ADDED ENTRY ELEMENTS (KOHA) | |
| Source of classification or shelving scheme | Dewey Decimal Classification |
| Koha item type | Theses |
| Source of classification or shelving scheme | Damaged status | Not for loan | Collection code | Permanent Location | Current Location | Shelving location | Date of accession | Source of acquisition | Total Checkouts | Full call number | Barcode | Date last seen | Copy number | Thesis |
|---|---|---|---|---|---|---|---|---|---|---|---|---|---|---|
| Dewey Decimal Classification | Not For Loan | Theses | Central Library, University of Rajshahi | Central Library, University of Rajshahi | Documentation Section | 08/10/2005 | Controller of Exam. R.U. | THE 570.72 NIP 2005 | D2446 | 28/11/2022 | C-1 | Theses |